00499nam a2200145Ia 4500008004100000082001500041100002000056245004900076260000700125300001000132600001200142942000700154952017500161999001700336250526s9999 xx 000 0 und d a954.03 THO aBdward, Thomson 0aRise and fulfilment of british rule in india cNA a690p. aHistory cGB 00104070aUITUbUITUcGIFd2025-05-26eGifted by Dr. Zubair Ahmed Siddiquil0o954.03 THOpG79r2025-05-26 10:58:57w2025-05-26yGBzGifted by Dr. Zubair Ahmed Siddiqui c31242d31242